Statystyki dla Kluby piłkarskie z najwyższych lig strefy UEFA

Kliknij tutaj aby rozwiązać quiz!

Ogólne statystyki

  • Ten quiz został rozwiązany 130 razy
  • Średni wynik to 21 z 54

Statystyki odpowiedzi

LigaKlub% Poprawnych
AngliaLiverpool | Manchester City | Manchester United | Chelsea | Leicester City | Tottenham Hotspur | Wolverhampton Wanderers | Arsenal | Sheffield United | Burnley | Southampton | Everton | Newcastle United | Crystal Palace | Brighton & Hove Albion | West Ham United | Aston Villa | Leeds United | West Bromwich Albion | Fulham
91%
HiszpaniaReal Madryt | FC Barcelona | Atlético Madryt | Sevilla FC | Villarreal CF | Real Sociedad | Granada CF | Getafe CF | Valencia CF | CA Osasuna | Athletic Bilbao | Levante UD | Real Valladolid | SD Eibar | Real Betis | Deportivo Alavés | Celta Vigo | SD Huesca | Cádiz CF | Elche CF
86%
HolandiaAjax | AZ Alkmaar | Feyenoord | PSV Eindhoven | Willem II | Utrecht | Vitesse | Heracles | Groningen | Heerenveen | Sparta Rotterdam | Emmen | VVV-Venlo | Twente | PEC Zwolle | Fortuna Sittard | ADO Den Haag | RKC Waalwijk
84%
PolskaLegia Warszawa | Lech Poznań | Piast Gliwice | Lechia Gdańsk | Śląsk Wrocław | Pogoń Szczecin | Cracovia | Jagiellonia Białystok | Górnik Zabrze | Raków Częstochowa | Zagłębie Lubin | Wisła Płock | Wisła Kraków | Stal Mielec | Podbeskidzie Bielsko-Biała | Warta Poznań
82%
CzechySlavia Praga | Viktoria Pilzno | Sparta Praga | FK Jablonec | Slovan Liberec | Baník Ostrawa | Dynamo Czeskie Budziejowice | Bohemians 1905 | 1. FC Slovácko | FK Mladá Boleslav | Sigma Ołomuniec | FK Teplice | Fastav Zlín | MFK Karwina | SFC Opawa | 1. FK Příbram | FK Pardubice | Zbrojovka Brno
81%
BelgiaClub Brugge | KAA Gent | Charleroi | Royal Antwerp | Standard Liège | KV Mechelen | KRC Genk | Anderlecht | Zulte Waregem | Mouscron | Kortrijk | Sint-Truiden | KAS Eupen | Cercle Brugge | KV Oostende | Waasland-Beveren | Beerschot VA | OH Leuven
80%
FrancjaParis Saint-Germain | Olympique Marsylia | Stade Rennes | Lille OSC | OGC Nice | Stade de Reims | Olympique Lyon | Montpellier HSC | AS Monaco | RC Strasbourg | Angers SCO | Girondins Bordeaux | FC Nantes | Stade Brestois 29 | FC Metz | Dijon FCO | AS Saint-Étienne | Nîmes Olympique | Lorient | RC Lens
78%
AustriaRed Bull Salzburg | Rapid Wiedeń | Wolfsberger AC | LASK Linz | TSV Hartberg | Sturm Graz | Austria Wiedeń | SCR Altach | SKN St. Pölten | Admira Wacker | Swarovski Tirol | SV Ried
78%
NiemcyBayern Monachium | Borussia Dortmund | RB Lipsk | Borussia Mönchengladbach | Bayer Leverkusen | TSG Hoffenheim | VfL Wolfsburg | SC Freiburg | Eintracht Frankfurt | Hertha BSC | Union Berlin | FC Schalke 04 | 1. FSV Mainz 05 | 1. FC Köln | FC Augsburg | Werder Brema | VfB Stuttgart | Arminia Bielefeld
76%
ChorwacjaDinamo Zagrzeb | Lokomotiva Zagrzeb | HNK Rijeka | NK Osijek | Hajduk Split | HNK Gorica | Slaven Belupo | NK Varaždin | Istra 1961 | HNK Šibenik
74%
PortugaliaFC Porto | SL Benfica | SC Braga | Sporting CP | Rio Ave FC | FC Famalicão | Vitória Guimarães | Moreirense FC | CD Santa Clara | Gil Vicente | CS Marítimo | Boavista FC | FC Paços de Ferreira | CD Tondela | Belenenses SAD | Portimonense SC | CD Nacional | SC Farense
70%
RosjaZenit Petersburg | Lokomotiw Moskwa | FK Krasnodar | CSKA Moskwa | FK Rostów | Dinamo Moskwa | Spartak Moskwa | Arsienał Tuła | FK Ufa | Rubin Kazań | Urał Jekaterynburg | PFK Soczi | Achmat Grozny | Tambow | Rotor Wołgograd | FK Chimki
70%
SzkocjaCeltic | Rangers | Motherwell | Aberdeen | Livingston | St. Johnstone | Hibernian | Kilmarnock | St. Mirren | Ross County | Hamilton Academical | Dundee United
63%
UkrainaSzachtar Donieck | Dynamo Kijów | Zoria Ługańsk | Desna Czernihów | FK Ołeksandrija | Kołos Kowaliwka | SK Dnipro-1 | FK Mariupol | Olimpik Donieck | Worskła Połtawa | FK Lwów | FK Mynaj | Ruch Lwów | Inhułeć Petrowe
63%
WłochyJuventus FC | Inter Mediolan | Atalanta BC | SS Lazio | AS Roma | AC Milan | SSC Napoli | US Sassuolo | Hellas Verona | ACF Fiorentina | Parma FC | Bologna FC | Udinese Calcio | Cagliari Calcio | UC Sampdoria | Torino FC | Genoa CFC | Benevento | Crotone | Spezia Calcio
60%
GrecjaOlympiakos SFP | PAOK FC | AEK Ateny | Panathinaikos AO | Aris FC | OFI 1925 | Asteras Tripolis | PAE Atromitos | AE Larisa | PAS Lamia 1964 | Wolos NPS | Panetolikos | PAS Janina | Apollon Smyrnis
59%
CyprOmonia Nikozja | Anorthosis Famagusta | APOEL Nikozja | Apollon Limassol | AEK Larnaka | AEL Limassol | Pafos FC | Nea Salamina Famagusta | Olympiakos Nikozja | Enosis Neon Paralimni | Ethnikos Achna | Doxa Katokopia | Ermis Aradipu | Karmiotisa FC
58%
BułgariaŁudogorec Razgrad | CSKA Sofia | Sławia Sofia | Lewski Sofia | Łokomotiw Płowdiw | Beroe Stara Zagora | Czerno More Warna | Botew Płowdiw | Arda Kyrdżali | Etyr Wielkie Tyrnowo | Botew Wraca | Carsko Seło Sofia | CSKA 1948 Sofia | PFK Montana
52%
BiałoruśSzachcior Soligorsk | BATE Borysów | Tarpieda-BiełAZ | Dynama Brześć | Nioman Grodno | Dynama Mińsk | Isłacz | Ruch Brześć | Sławija Mozyrz | Eniergietyk-BDU Mińsk | FK Mińsk | FK Witebsk | Haradzieja | FK Słuck | Sputnik Mińsk | FK Homel
51%
SzwajcariaBSC Young Boys | FC Sankt Gallen | FC Basel | Servette FC | FC Lugano | FC Luzern | FC Zürich | FC Sion | FC Lausanne-Sport | FC Vaduz
48%
FinlandoaHJK Helsinki | Inter Turku | KuPS Kuopio | FC Honka | Tampereen Ilves | FC Lahti | Seinäjoen JK | HIFK | IFK Mariehamn | FC Haka | AC Oulu | Kotkan Työväen Palloilijat
43%
IzraelMaccabi Tel Awiw | Maccabi Hajfa | Beitar Jerozolima | Hapoel Beer Szewa | Hapoel Tel Awiw | Hapoel Hajfa | Bene Jehuda Tel Awiw | FC Aszdod | Hapoel Hadera | Maccabi Netanja | Hapoel Kefar Sawa | Hapoel Ironi Kirjat Szemona | Maccabi Petach Tikwa | Bene Sachnin
36%
KazachstanKajrat Ałmaty | Toboł Kustanaj | FK Astana | Szachtior Karaganda | Ordabasy Szymkent | Żetysu Tałdykorgan | Kajsar Kyzyłorda | FK Taraz | Kyzyłżar Petropawł | Kaspij Aktau | FK Aktöbe | FK Atyrau
35%
SłowacjaSlovan Bratysława | MŠK Žilina | DAC Dunajská Streda | Spartak Trnawa | MFK Ružomberok | Zemplín Michalovce | AS Trenczyn | FC ViOn Zlaté Moravce | ŠKF Sereď | FK Senica | FK Pohronie | FC Nitra
34%
DaniaFC Midtjylland | FC København | Aarhus GF | Brøndby IF | Aalborg BK | FC Nordsjælland | Odense BK | AC Horsens | Randers FC | SønderjyskE | Lyngby BK | Vejle BK
32%
RumuniaCFR Cluj | Universitatea Krajowa | Astra Giurgiu | FC Botoșani | FCSB | Gaz Metan | Viitorul Constanţa | FC Hermannstadt | Sepsi Sfântu Gheorghe | Academica Clinceni | FC Voluntari | Politehnica Jassy | Dinamo Bukareszt | Chindia Târgoviște | UTA Arad | Argeș Pitești
31%
GruzjaDinamo Tbilisi | Dinamo Batumi | Dila Gori | Lokomotiwi Tbilisi | Saburtalo Tbilisi | SK Telawi | SK Samtredia | Torpedo Kutaisi | Szukura Kobuleti | Samgurali Ckaltubo
30%
SerbiaFK Crvena zvezda | Partizan Belgrad | FK Vojvodina | TSC Bačka Topola | Radnički Niš | FK Čukarički | Spartak Subotica | FK Voždovac | Mladost Lučani | Napredak Kruševac | Radnik Surdulica | Proleter Nowy Sad | Javor Ivanjica | FK Inđija | FK Rad | Mačva Šabac | FK Zlatibor | Metalac Gornji Milanovac | FK Bačka | FK Novi Pazar
30%
IrlandiaShamrock Rovers | Bohemian F.C. | Dundalk F.C. | Sligo Rovers | Waterford | St. Patrick’s Athletic | Derry City | Finn Harps | Drogheda United | Longford Town F.C.
29%
LitwaŽalgiris Wilno | Sūduva Mariampol | Kauno Žalgiris | Banga Gorżdy | FK Panevėžys | FK Riteriai | FK Nevėžis | FC Hegelmann Litauen | FK Jonava | FC Džiugas Telšiai
25%
EstoniaFlora Tallinn | Paide Linnameeskond | FCI Levadia Tallinn | Nõmme Kalju | Tartu JK Tammeka | Viljandi Tulevik | Legion Tallinn | JK Narva Trans | FC Kuressaare | Pärnu JK Vaprus
24%
AzerbejdżanQarabağ Ağdam | Neftçi PFK | Keşla Baku | Sumgayit PFK | Zira Baku | Sabah Baku | Sabail FK | FK Qabala
23%
MołdawiaSheriff Tyraspol | Sfîntul Gheorghe | Petrocub Hîncești | Dinamo-Auto Tyraspol | Milsami Orgiejów | Speranța Nisporeni | Zimbru Kiszyniów | Codru Lozova | FC Florești | Dacia Buiucani
23%
GibraltarEuropa FC | St Joseph’s | Lincoln FC | Lynx | Bruno’s Magpies | Lions Gibraltar | Mons Calpe | Europa Point | Manchester 62 | Boca Gibraltar | Glacis United | College 1975
22%
NorwegiaFK Bodø/Glimt | Molde FK | Vålerenga Fotball | Rosenborg BK | Kristiansund BK | Viking FK | Odds BK | Stabaek | FK Haugesund | SK Brann | Sandefjord | Sarpsborg 08 | Strømsgodset IF | Mjøndalen IF | Tromsø IL | Lillestrøm SK
22%
SzwecjaMalmö FF | IF Elfsborg | BK Häcken | Djurgårdens IF | Mjällby AIF | IFK Norrköping | Örebro SK | Hammarby IF | AIK Fotboll | IK Sirius | Varbergs BoIS | IFK Göteborg | Östersunds FK | Kalmar FF | Halmstads BK | Degerfors IF
21%
Turcjaİstanbul Başakşehir | Trabzonspor | Beşiktaş JK | Sivasspor | Alanyaspor | Galatasaray SK | Fenerbahçe SK | Gazişehir Gaziantep | Antalyaspor | Kasımpaşa SK | Göztepe | Gençlerbirliği SK | Konyaspor | Denizlispor | Çaykur Rizespor | Yeni Malatyaspor | Kayserispor | MKE Ankaragücü
20%
AlbaniaKF Tirana | Kukësi | KF Laçi | Skënderbeu Korcza | Teuta Durrës | Partizani Tirana | Bylis Ballsh | Vllaznia Szkodra | Kastrioti Kruja | Apolonia Fier
20%
ArmeniaArarat-Armenia | Noah Erywań | Alaszkert | Szirak Giumri | Lori Wanadzor | Ararat Erywań | Urartu Erywań | Piunik Erywań | Gandzasar Kapan | Wan Czarencawan
18%
IslandiaValur | FH | Stjarnan | Breidablik | KR | Fylkir | KA Akureyri | Akraness | HK | Víkingur Reykjavík | ÍBK Keflavík | Leiknir Reykjavík
18%
Bośnia i HercegowinaFK Sarajevo | FK Željezničar | Zrinjski Mostar | Borac Banja Luka | Tuzla City | Radnik Bijeljina | NK Široki Brijeg | Velež Mostar | Sloboda Tuzla | Mladost Doboj Kakanj | Olimpik Sarajewo | FK Krupa
15%
LuksemburgFola Esch | Progrès Niedercorn | FC Differdange 03 | Union Titus Pétange | F91 Dudelange | UNA Strassen | Racing FC | Jeunesse Esch | Victoria Rosport | Etzella Ettelbruck | US Hostert | US Mondorf-les-Bains | FC Rodange 91 | Blue Boys Muhlenbach | Swift Hesperange | FC Wiltz 71
14%
CzarnogóraBudućnost Podgorica | Sutjeska Nikšić | Iskra Danilovgrad | FK Zeta | FK Podgorica | OFK Petrovac | Rudar Pljevlja | OFK Titograd | Dečić | Jezero
13%
SłoweniaNK Celje | NK Maribor | Olimpija Lublana | NŠ Mura | NK Aluminij | Bravo | Tabor Sežana | NK Domžale | FC Koper | ND Gorica
12%
AndoraInter D'Escaldes | FC Santa Coloma | UE Engordany | UE Sant Julià | UE Santa Coloma | Atlètic D'Escaldes | CE Carroi | Penya Encarnada
10%
ŁotwaRiga FC | Rīgas Futbola skola | Valmiera Glass VIA | FK Ventspils | FK Liepāja | Spartaks Jūrmala | FK Jelgava | BFC Daugavpils | FS METTA/LU Ryga | Lokomotīve Daugavpils
10%
Macedonia PółnocnaWardar Skopje | Siłeks Kratowo | Szkendija Tetowo | FK Renowa | Szkupi | FK Makedonija Dźorcze Petrow | Akademija Pandew | Rabotniczki Skopje | Borec Wełes | FK Struga | Bełasica Strumica | FK Pelister
10%
WęgryFerencvárosi TC | FC Fehérvár | Puskás Akadémia FC | Mezőkövesd-Zsóry SE | Budapest Honvéd FC | Újpest FC | Zalaegerszegi TE | Kisvárda FC | Diósgyőri VTK | Paksi FC | MTK Budapest FC | Budafoki MTE
9%
MaltaFloriana FC | Valletta FC | Hibernians | Sirens FC | Birkirkara FC | Gżira United | Balzan FC | Mosta | Ħamrun Spartans | Sliema Wanderers | Gudja United FC | St. Lucia FC | Senglea Athletic FC | Tarxien Rainbows | Żejtun Corinthians FC | Lija Athletic FC
9%
Irlandia PółnocnaLinfield F.C. | Coleraine F.C. | Crusaders F.C. | Cliftonville F.C. | Glentoran F.C. | Larne F.C. | Glenavon F.C. | Carrick Rangers F.C. | Dungannon Swifts F.C. | Ballymena United F.C. | Warrenpoint Town F.C. | Portadown F.C.
9%
KosowoDrita Gnjilane | Gjilani | Ballkani | FC Priština | Feronikeli Glogovac | Llapi Podujevo | Trepça’89 Mitrowica | Drenica Srbica | Besa Pejë | Arbëria
6%
WaliaConnah's Quay Nomads F.C. | The New Saints F.C. | Bala Town | Barry Town United F.C. | Caernarfon Town | Newtown A.F.C. | Cardiff Metropolitan University | Cefn Druids A.F.C. | Aberystwyth Town F.C. | Pen-y-Bont | Flint Town United F.C. | Haverfordwest County A.F.C.
4%
Wyspy OwczeHB Tórshavn | NSÍ Runavík | KÍ Klaksvík | B36 Tórshavn | Víkingur Gøta | ÍF Fuglafjørður | EB/Streymur | TB Tvøroyri | 07 Vestur | B68 Toftir
3%
San MarinoSP Tre Fiori | SS Folgore/Falciano | SP Tre Penne | SP La Fiorita | SS Virtus | SS Murata | AC Libertas | SP Cailungo | SC Faetano | Pennarossa Calcio | FC Domagnano | SS Cosmos | FC Fiorentino | SS San Giovanni | AC Juvenes/Dogana
2%

Rozkład punktacji

Percentyl według liczby udzielonych odpowiedzi

Procent ludzi z każdym wynikiem

Twoja historia wyników

Nie rozwiązałeś tego quizu